| 000 | 00755nam a2200229 a 4500 | ||
|---|---|---|---|
| 001 | 000027758 | ||
| 003 | DO-SdBNP | ||
| 005 | 20240927073748.0 | ||
| 008 | 090918s1985 dr r 000 0 spa d | ||
| 040 |
_aDO-SdBNP _bspa _cBNPHU |
||
| 082 |
_aRD860.9 _bB171s, 1985 |
||
| 100 | 1 |
_a Balaguer, Joaquín, _d1906-2002 _976556 |
|
| 245 | 1 | 0 |
_aSemblanzas literarias / _cJoaquín Balaguer. |
| 250 | _a2a ed. | ||
| 260 |
_aSanto Domingo, : _bEditorial de la Cruz Aybar, _c1985. |
||
| 300 |
_a325 p. ; _c23 cm. |
||
| 504 | _aIncluye referencias bibliográficas y notas al pie de las páginas | ||
| 590 | _aInventariado, 2018/BT | ||
| 650 | 1 | 4 |
_aLiteratura dominicana _xHistoria y crítica _9159 |
| 910 | _aValidado. Control de calidad. MFF | ||
| 942 |
_2ddc _cLBS1 |
||
| 999 |
_c27250 _d27250 |
||